| 000 | 00307nam a22001097a 4500 | ||
|---|---|---|---|
| 999 |
_c155319 _d155319 |
||
| 082 |
_a _b |
||
| 100 | _aKuttey Dhanasi Subhash | ||
| 245 |
_aDr.Ramdarsh Misra ke upanyasom meim chintik krushak jeevan/ _cby Kuttey Dhanasi Subhash. |
||
| 260 |
_aKanpur: _bAbhay Prakashan, _c2012. |
||
| 650 | _a | ||
| 942 | _cBK | ||